Umberto Boccioni

Gorde:
Xehetasun bibliografikoak
Egile nagusia: Fezzi, Elda (Egilea)
Formatua: Liburua
Hizkuntza:italiera
Argitaratua: Milán Aldo Martello 1973
Gaiak:
Etiketak: Etiketa erantsi
Etiketarik gabe, Izan zaitez lehena erregistro honi etiketa jartzen!

MARC

LEADER 00000nam a2200000 a 4500
001 UCZ4064
003 CL-VaPUC
008 951106e19730000IT |||||||||||||||||ita|d
082 0 4 |a 741.092  |b FEZ  |2 21 
100 0 |a Fezzi, Elda  |e author  |9 347954 
245 1 0 |a Umberto Boccioni 
300 |a 28 p 
942 |c BK 
945 |d 19951106 00:00:00  |a rleighto 
260 |a Milán  |b Aldo Martello  |c 1973 
600 0 7 |a BOCCIONI, UMBERTO  |2 CL-VaPUC  |9 347297 
650 0 |a Pintura italiana  |9 265293 
650 0 |a Pintura  |9 265046 
650 0 |a Bellas artes  |9 334299 
650 0 |a Arte decorativo   |9 330995 
650 7 |a CUADROS  |2 CL-VaPUC  |9 347955 
583 |a last modification  |c 19951106 00:00:00  |k Rodrigo Vera 
999 |c 240496  |d 240494 
952 |0 0  |1 0  |4 0  |6 741_092000000000000_FEZ_1973  |7 0  |8 A  |9 252386  |a BIBARQ  |b BIBARQ  |d 2019-11-18  |i 3145395  |o 741.092 FEZ 1973  |p 3145395  |r 2025-01-20  |w 2019-11-18  |y BK  |k ARQ